| 000 | 00649nam a22002057a 4500 | ||
|---|---|---|---|
| 999 |
_c15621 _d15621 |
||
| 003 | AR-CdUCM | ||
| 008 | 190429b ||||| |||| 00| 0 spa d | ||
| 040 |
_aMUNICIPALIDAD PROVINCIAL DEL CUSCO _cBIBLIOTECA MUNICIPAL DEL CUSCO |
||
| 082 |
_aPI / 372.64 / _bL82 |
||
| 245 | _aEl lobo y los 7 cabritos / | ||
| 260 |
_aPerú : _bNavarrete. |
||
| 300 |
_bilustraciones, _c30 cm. |
||
| 440 |
_aCuentos Navarrete. _934365 |
||
| 650 |
_aAprendizaje infantil _933271 |
||
| 650 |
_aPrimera infancia _924660 |
||
| 650 |
_aCuentos infantiles _93927 |
||
| 710 |
_aCorporación Gráfica Navarrete. _933296 |
||
| 942 |
_2ddc _cLIBROS |
||
| 945 |
_aachl _d2019-04-29 |
||